000 00653nac a22001931u 4500
010 _a00069978
020 _a0735519927 :
082 0 0 _a343.73099
_bKAN
090 _c9326
_d9326
100 _aKang, Jerry,
245 1 0 _aCommunications law and policy : cases and materials /
_cJerry Kang.
260 _aGaithersburg, MD :
_bAspen Law & Business,2001.
_cc2001.
300 _axx, 665 p. :
_bill. ;
_c25 cm.
500 _aIncludes index.
500 _aDistributer: Al-Ahram
511 _aCatalogued by: Sara
650 0 _aMass media
_xLaw and legislation
_zUnited States
_vCases.
942 _cBB
_k343.73099KAN
999 _c9326
_d9326